Možnosti zlepšenia zdravia a kondície zamestnancov vo vybranom podniku prostredníctvom work place wellness bakalárska práca

Gespeichert in:
Bibliographische Detailangaben
1. Verfasser: Hoferová, Alexandra
Körperschaft: Obchodná fakulta EU. Katedra cestovného ruchu
Weitere Verfasser: Veszprémi Sirotková, Anna, 1966-
Format: Buch
Sprache:Slowakisch
Veröffentlicht: Bratislava 2023
Tags: Tag hinzufügen
Keine Tags, Fügen Sie das erste Tag hinzu!

MARC

LEADER 00000nbm a2200000 4500
001 0294752
005 20240117090755.3
041 0 |a slo 
044 |a SK 
245 1 0 |a Možnosti zlepšenia zdravia a kondície zamestnancov vo vybranom podniku prostredníctvom work place wellness  |b bakalárska práca  |c Alexandra Hoferová ; školiteľ: Anna Veszprémi Sirotková 
264 1 |a Bratislava  |c 2023 
300 |a 45 s. 
100 1 |a Hoferová, Alexandra 
700 1 |a Veszprémi Sirotková, Anna, 1966- 
710 2 |a Obchodná fakulta EU. Katedra cestovného ruchu